000 00786nam a2200277Ia 4500
003 OSt
005 20221005085920.0
006 a|||||r|||| 00| 0
007 ta
008 221004b |||||||| |||| 00| 0 eng d
020 _a0745007708
024 _a37558
037 _cTextual
040 _aCRL
_cCRL
_beng
041 _2eng
_aeng
082 _aO111,1N22:g, N2
100 _aBooth James
110 _aGift from Prof Amitava Banerjee, England
_9579674
245 0 _aPhilip Larkin
_b Writer
260 _aNew York
_bHarvester Wheatsheaf USA
_c1992
300 _a178p.
_ccm.
650 _aENGLISH LITERATURE
700 _aGift from Prof Amitava Banerjee, England
_9579675
942 _hO111,1N22:g, N2
_cTEXL
_2cc
999 _c994997
_d994997